[Event "Leutersdorf Sparkasse op 13th"]
[Site "Leutersdorf"]
[Date "2009.02.13"]
[Round "1"]
[White "Selig, Rainer"]
[Black "Moebuss, Daniel"]
[Result "1-0"]
[WhiteElo "2048"]
[BlackElo "1619"]
[PlyCount "133"]
[EventDate "2009.02.13"]
[EventType "swiss"]
[EventRounds "7"]
[EventCountry "GER"]
[SourceTitle "CBM 128 Extra"]
[Source "ChessBase"]
[SourceDate "2009.03.05"]
[SourceVersion "2"]
[SourceVersionDate "2009.03.25"]
[SourceQuality "1"]

1. d4 Nf6 2. c4 e5 3. dxe5 Ng4 4. Nf3 Bc5 5. e3 Nc6 6. a3 a5 7. b3 0-0 8. Bb2 Re8 9. Nbd2 Ngxe5 10. Be2 d6 11. Qc2 Qe7 12. 0-0-0 Ng4 13. Rdf1 Nce5 14. Nd4 c6 15. h3 Nf6 16. Bd1 Bd7 17. g4 Ng6 18. Re1 b5 19. Bf3 Ne5 20. Bg2 Rac8 21. f4 Ng6 22. Kb1 bxc4 23. Nxc4 d5 24. Nxa5 Bxa3 25. g5 Ne4 26. Bxe4 dxe4 27. Nc4 Bc5 28. h4 Rb8 29. Ref1 Bxd4 30. Bxd4 Qb4 31. Kb2 Be6 32. Nd2 Bd5 33. Ra1 Nxf4 34. Qc3 Qxc3+ 35. Bxc3 Nd3+ 36. Kc2 c5 37. Ra5 Red8 38. Rha1 Rb6 39. R1a3 Rdb8 40. Ra7 Ne1+ 41. Kd1 Nf3 42. Rc7 Nxh4 43. Rxc5 Rb5 44. b4 Nf3 45. Ra5 Rxa5 46. bxa5 Ba8 47. Nc4 h5 48. gxh6 gxh6 49. a6 Ng5 50. a7 Rd8+ 51. Ke2 Ne6 52. Rb5 Nc7 53. Rb8 Ne6 54. Nb6 Bc6 55. Bf6 Rf8 56. Be7 Bb5+ 57. Ke1 Bc6 58. Bxf8 Nxf8 59. a8Q Bxa8 60. Rxa8 Kg7 61. Nd5 Ne6 62. Kf2 Kg6 63. Nf4+ Nxf4 64. exf4 Kf5 65. Kg3 h5 66. Ra5+ Kg6 67. Rg5+ 1-0